Employee empowerment

Empowerment ako nástroj rozvoja zamestnancov s cieľom rozširovania kompetencií. Posilňovanie právomoci pracovníkov. Schopnosti splnomocneného pracovníka. Ako posilniť postavenie zamestnancov. Príklad z praxe.

Salvato in:
Dettagli Bibliografici
Autore principale: Kadlec, Petr
Natura: Capitolo di libro
Lingua:ceco
Soggetti:
Tags: Aggiungi Tag
Nessun Tag, puoi essere il primo ad aggiungerne!!

MARC

LEADER 00000naa a2200000 4500
001 0149886
005 20231211073312.1
041 0 |a cze 
044 |a CZ 
245 1 0 |a Employee empowerment  |c Petr Kadlec 
520 |a Empowerment ako nástroj rozvoja zamestnancov s cieľom rozširovania kompetencií. Posilňovanie právomoci pracovníkov. Schopnosti splnomocneného pracovníka. Ako posilniť postavenie zamestnancov. Príklad z praxe. 
610 2 0 |a vedenie ľudí 
610 2 0 |a riadenie ľudských zdrojov 
610 2 0 |a delegovanie právomoci 
610 2 0 |a motivácia pracovná 
610 2 0 |a kompetencie 
610 2 0 |a zamestnanci 
100 1 |a Kadlec, Petr